| 000 | 01699 a2200229 4500 | ||
|---|---|---|---|
| 001 | 21583 | ||
| 005 | 20260407155506.0 | ||
| 008 | 260407a2010 arg spa d | ||
| 003 | AR-UNSa-BCEJYS | ||
| 040 |
_aAR-UNSa-BCEJYS _bspa _cAR-UNSa-BCEJYS |
||
| 080 |
_a336.225 _xMétodo de tributación y administración de impuestos |
||
| 245 | 1 | 0 |
_aEjecuciones fiscales _pvía de apremio tributario ámbito nacional, Ciudad Autónoma de Buenos Aires y provincias de Buenos Aires, Córdoba, Entre Ríos y Santa Fe |
| 020 | _a978-987-03-1725-8 | ||
| 250 | _a2a. ed. | ||
| 264 | 1 |
_aBuenos Aires : _bLa Ley _c2010 |
|
| 300 |
_axxx, 544 p. _c25 cm. |
||
| 505 | _a1. La ejecución fiscal - 2. La traba de medidas cautelares - 3. El juicio de ejecición fiscal tributario y previsional - 4. Las excepciones en el juicio de ejecución fiscal - 5. La defensa de inconstitucionalidad - 6.Ejecución de la sentencia de trance y remate - 7. Recursos - 8. Pago provisorio de impuestos vencidos y anticipos - 9. La ejecución fiscal aduanera - 10. La ejecución fiscal en la ciudad de Buenos Aires - 11. El apremio en la provincia de Buenos Aires - 12. El juicio de ejecucion fiscal en la provincia de Córdoba - 13. Ejecución fiscal en la provincia de Entre Rios - 14. Ejecución fiscal en la provincia de Santa Fe - 15. El cobro coactivo en Brasil - 16. El apremio en España - 17. El procedimiento administrativo de ejecución en México - 18. La cobranza coactiva de deudas tributarias en Perú. | ||
| 942 | _cBK | ||
| 590 | _aniveau_biblio:m niveau_hierar:0 | ||
| 100 | 1 | _aFolco, Carlos Maria | |
| 856 | 4 | 1 |
_uhttps://biblioeco.unsa.edu.ar/pmb/images/libros/Ejecuciones Fiscales 2.jpg _yImagen de portada _qimage/jpeg |
| 999 |
_c827 _d827 |
||